[Event "Junior Online 4NCL Division 1"]
[Site "online"]
[Date "2021.03.18"]
[EventDate "2021.03.18"]
[Round "5.98"]
[White "Bleeg, Elliott"]
[WhiteElo "1309"]
[WhiteTeam "Downend Upstarts"]
[Black "Farley, Zak"]
[BlackElo "1650"]
[BlackTeam "Hull & York Assassins"]
[Result "0-1"]
[PlyCount "120"]

1. e4 c5 2. Nf3 d6 3. d4 cxd4 4. Nxd4 Nf6 5. Nc3 e5 6. Nf3 Nc6 7. Bc4 Be7 8. O-O O-O 9. Be3 Be6 10. Qd3 a6 11. Bxe6 fxe6 12. Qc4 d5 13. exd5 exd5 14. Qe2 Qc7 15. Rad1 d4 16. Bxd4 exd4 17. Nxd4 Nxd4 18. Rxd4 Bc5 19. Qe6+ Kh8 20. Rdd1 Rae8 21. Qc4 Bxf2+ 22. Rxf2 Qxc4 23. Rfd2 Qc5+ 24. Kh1 Ne4 25. Nxe4 Rxe4 26. Rd8 Rf4 27. h3 h6 28. c3 Rf1+ 29. Rxf1 Rxd8 30. Kh2 Rd2 31. b4 Qf2 32. Rxf2 Rxf2 33. a4 Kg8 34. b5 Kf7 35. bxa6 bxa6 36. c4 Ke6 37. c5 Kd5 38. a5 Kxc5 39. Kg3 Rf6 40. Kg4 Kb5 41. h4 Kxa5 42. g3 Kb4 43. Kh3 a5 44. g4 a4 45. g5 a3 46. gxf6 gxf6 47. h5 a2 48. Kg4 a1=Q 49. Kf5 Qe5+ 50. Kg4 Qg5+ 51. Kf3 Qxh5+ 52. Kg3 f5 53. Kf4 Qg4+ 54. Ke3 Kc3 55. Kf2 Kd2 56. Kf1 Qf3+ 57. Kg1 Qe2 58. Kh1 Ke3 59. Kg1 Kf3 60. Kh1 Qg2# {[W: 0:02:44; B: 0:11:13]} 0-1

[Event "Junior Online 4NCL Division 1"]
[Site "online"]
[Date "2021.03.18"]
[EventDate "2021.03.18"]
[Round "5.101"]
[White "Macdonald, Ciaran"]
[WhiteElo "1852"]
[WhiteTeam "Chess in Schools"]
[Black "Buanne, Luca"]
[BlackElo "1871"]
[BlackTeam "KCJS 1"]
[Result "1-0"]
[PlyCount "61"]

1. e4 c5 2. Nf3 d6 3. d4 cxd4 4. Nxd4 Nf6 5. Nc3 a6 6. f3 e5 7. Nb3 Be6 8. Be3 Be7 9. Qd2 O-O 10. O-O-O Nbd7 11. g4 b5 12. g5 Nh5 13. Nd5 Bxd5 14. exd5 f6 15. h4 Ng3 16. Rg1 Nxf1 17. Rdxf1 f5 18. f4 e4 19. Nd4 Rf7 20. h5 Nf8 21. Rg2 Qc8 22. Nc6 Bd8 23. Bd4 Rb7 24. Rfg1 a5 25. Qc3 b4 26. Qh3 Qc7 27. Qxf5 a4 28. Qxe4 b3 29. a3 bxc2 30. Rxc2 Qf7 31. g6 {[W: 0:03:20; B: 0:02:44]} 1-0

[Event "Junior Online 4NCL Division 1"]
[Site "online"]
[Date "2021.03.18"]
[EventDate "2021.03.18"]
[Round "5.102"]
[White "Hill-Wood, T Wilfred D"]
[WhiteElo "1701"]
[WhiteTeam "KCJS 1"]
[Black "Fearnhead, Ben"]
[BlackElo "1685"]
[BlackTeam "Chess in Schools"]
[Result "0-1"]
[PlyCount "28"]

1. e4 e5 2. Nf3 Nc6 3. d4 exd4 4. Nxd4 Nf6 5. Nc3 Nxe4 6. Nxe4 Qe7 7. f3 d5 8. Nxc6 bxc6 9. Be2 dxe4 10. O-O Qc5+ 11. Kh1 Be6 12. fxe4 Rd8 13. Qe1 Bd6 14. Bg5 Qxg5 {[W: 0:09:04; B: 0:06:51]} 0-1

[Event "Junior Online 4NCL Division 1"]
[Site "online"]
[Date "2021.03.18"]
[EventDate "2021.03.18"]
[Round "5.103"]
[White "French, Morgan"]
[WhiteElo "1627"]
[WhiteTeam "Chess in Schools"]
[Black "Kumar, Sanjit S"]
[BlackElo "1611"]
[BlackTeam "KCJS 1"]
[Result "1-0"]
[PlyCount "37"]

1. d4 d5 2. c4 e6 3. Nc3 c5 4. Nf3 Nf6 5. Bg5 cxd4 6. Nxd4 Be7 7. e3 O-O 8. Bd3 Nc6 9. Nxc6 bxc6 10. O-O h6 11. Bf4 Bd6 12. Bxd6 Qxd6 13. Qc2 Rb8 14. e4 e5 15. exd5 cxd5 16. cxd5 Nxd5 17. a3 Be6 18. Qd2 Nf4 19. Bh7+ {[W: 0:06:01; B: 0:07:42]} 1-0

[Event "Junior Online 4NCL Division 1"]
[Site "online"]
[Date "2021.03.18"]
[EventDate "2021.03.18"]
[Round "5.104"]
[White "Subin, Samvrit"]
[WhiteElo "1676"]
[WhiteTeam "KCJS 1"]
[Black "Wang, Luoke"]
[BlackElo "1479"]
[BlackTeam "Chess in Schools"]
[Result "0-1"]
[PlyCount "116"]

1. e4 c5 2. Nf3 d6 3. Bb5+ Bd7 4. Bxd7+ Qxd7 5. d4 cxd4 6. Nxd4 Nf6 7. Nc3 g6 8. O-O Bg7 9. Be3 O-O 10. f3 Nc6 11. Qd2 Ne5 12. b3 Rac8 13. Rad1 a6 14. Nce2 b5 15. Kh1 Rc7 16. Nf4 Nc6 17. Nxc6 Qxc6 18. Rf2 Rfc8 19. Qe1 Qc3 20. Bd2 Qxc2 21. Ba5 Qxd1 22. Qxd1 Rc1 23. Rf1 Rxd1 24. Rxd1 Rc2 25. a3 Bh6 26. Nd3 Nd7 27. Nb4 Rd2 28. Re1 Rb2 29. Nxa6 Rxb3 30. Bb4 Be3 31. Nc7 Bc5 32. Bxc5 Nxc5 33. Nd5 Kf8 34. Nc7 Ne6 35. Nxe6+ fxe6 36. Ra1 Ke8 37. Kg1 Kd7 38. Kf2 Kc6 39. a4 Rb2+ 40. Kg3 b4 41. a5 Kb7 42. a6+ Ka7 43. h3 b3 44. f4 Rc2 45. Rb1 b2 46. Kf3 Kxa6 47. Ke3 Rxg2 48. Kd3 Kb5 49. Kc3 Kc5 50. Rd1 d5 51. exd5 exd5 52. Kb3 e6 53. Ka2 d4 54. Rd3 Kc4 55. Rd1 d3 56. Kb1 Kc3 57. h4 d2 58. Rh1 Re2 {[W: 0:01:14; B: 0:00:42]} 0-1

[Event "Junior Online 4NCL Division 1"]
[Site "online"]
[Date "2021.03.18"]
[EventDate "2021.03.18"]
[Round "5.105"]
[White "Buanne, Luca"]
[WhiteElo "1871"]
[WhiteTeam "KCJS 1"]
[Black "Macdonald, Ciaran"]
[BlackElo "1852"]
[BlackTeam "Chess in Schools"]
[Result "0-1"]
[PlyCount "54"]

1. d4 Nf6 2. c4 e6 3. Nc3 Bb4 4. Qc2 c5 5. Nf3 O-O 6. a3 Bxc3+ 7. Qxc3 Ne4 8. Qc2 f5 9. Bf4 g5 10. Bd2 Nc6 11. dxc5 g4 12. Ng1 Nd4 13. Qd3 e5 14. e3 Nxc5 15. Qc3 Ne4 16. Qd3 Nc5 17. Qb1 Ndb3 18. Ra2 Nxd2 19. Kxd2 d5 20. Ke1 Be6 21. b4 Ne4 22. Rc2 dxc4 23. f3 Qh4+ 24. Kd1 Rfd8+ 25. Kc1 c3 26. g3 Nxg3 27. Bg2 Nxh1 {[W: 0:00:52; B: 0:04:00]} 0-1

[Event "Junior Online 4NCL Division 1"]
[Site "online"]
[Date "2021.03.18"]
[EventDate "2021.03.18"]
[Round "5.106"]
[White "Fearnhead, Ben"]
[WhiteElo "1685"]
[WhiteTeam "Chess in Schools"]
[Black "Hill-Wood, T Wilfred D"]
[BlackElo "1701"]
[BlackTeam "KCJS 1"]
[Result "1-0"]
[PlyCount "89"]

1. e4 e6 2. d4 d5 3. Nc3 c5 4. dxc5 Bxc5 5. exd5 exd5 6. Qxd5 Qxd5 7. Nxd5 Bd6 8. Bf4 Bxf4 9. Nxf4 Nf6 10. O-O-O O-O 11. Nf3 Bg4 12. Be2 Nc6 13. h3 Bxf3 14. Bxf3 h6 15. Bxc6 bxc6 16. Rhe1 Rfe8 17. Nd3 Rad8 18. Rxe8+ Rxe8 19. Re1 Rxe1+ 20. Nxe1 Nd5 21. Kd2 Nf4 22. Ke3 Ne6 23. Nd3 Kf8 24. Nb4 c5 25. Nc6 a6 26. b4 Ke8 27. bxc5 Nxc5 28. Kd4 Ne6+ 29. Kc4 Nf4 30. Nb8 Nxg2 31. Nxa6 Nf4 32. Kb5 Kd7 33. c4 Nxh3 34. c5 Nxf2 35. c6+ Kc8 36. Nc5 Nd1 37. Ne4 f5 38. Nd6+ Kc7 39. Ne8+ Kc8 40. Kb6 Nc3 41. Nd6+ Kd8 42. c7+ Kd7 43. c8=Q+ Kxd6 44. Qxc3 g5 45. Qf6+ {[W: 0:05:32; B: 0:09:01]} 1-0

[Event "Junior Online 4NCL Division 1"]
[Site "online"]
[Date "2021.03.18"]
[EventDate "2021.03.18"]
[Round "5.107"]
[White "Kumar, Sanjit S"]
[WhiteElo "1611"]
[WhiteTeam "KCJS 1"]
[Black "French, Morgan"]
[BlackElo "1627"]
[BlackTeam "Chess in Schools"]
[Result "1-0"]
[PlyCount "55"]

1. e4 Nf6 2. e5 Nd5 3. c4 Nb6 4. c5 Nd5 5. d4 d6 6. Bc4 e6 7. Bxd5 exd5 8. cxd6 cxd6 9. exd6 Bxd6 10. Nf3 O-O 11. O-O Bg4 12. Nbd2 Nd7 13. h3 Bh5 14. Qb3 Nb6 15. a4 a5 16. Re1 Qf6 17. Ne5 Bc7 18. Ndf3 h6 19. Bd2 Rfe8 20. Rac1 Qd6 21. Bf4 Bxf3 22. Qxf3 f6 23. Ng6 Rxe1+ 24. Rxe1 Qd8 25. Ne7+ Kh8 26. Bxc7 Qxc7 27. Nxd5 Qc4 28. Nxb6 {[W: 0:00:55; B: 0:00:31]} 1-0

[Event "Junior Online 4NCL Division 1"]
[Site "online"]
[Date "2021.03.18"]
[EventDate "2021.03.18"]
[Round "5.108"]
[White "Wang, Luoke"]
[WhiteElo "1479"]
[WhiteTeam "Chess in Schools"]
[Black "Subin, Samvrit"]
[BlackElo "1676"]
[BlackTeam "KCJS 1"]
[Result "1-0"]
[PlyCount "123"]

1. d4 Nf6 2. c4 g6 3. g3 Bg7 4. Bg2 O-O 5. Nc3 c5 6. e3 d6 7. Nf3 Na6 8. O-O Bf5 9. a3 Rc8 10. Nh4 Be6 11. Bxb7 Bxc4 12. Re1 Rb8 13. Bg2 cxd4 14. exd4 d5 15. b4 Qc7 16. Bf4 Qc6 17. Bxb8 Nxb8 18. Rc1 Qd7 19. Na4 Na6 20. Nc5 Nxc5 21. dxc5 Bh6 22. Rc3 Rd8 23. Bf1 Bxf1 24. Rxf1 Ne4 25. Rd3 e6 26. f3 Nf6 27. Ng2 a5 28. Ne1 axb4 29. axb4 Qb7 30. Nc2 Ne8 31. f4 Nc7 32. Qe1 Bg7 33. Nd4 Bxd4+ 34. Rxd4 Nb5 35. Rd3 d4 36. Qd2 Qe4 37. Re1 Qc6 38. Qg2 Qc7 39. Ra1 Kg7 40. Qe4 Rd5 41. Ra5 Nc3 42. Qe1 Rd7 43. Rxc3 dxc3 44. Qxc3+ Kg8 45. Ra8+ Rd8 46. Rxd8+ Qxd8 47. Kf2 Kf8 48. Ke3 Ke7 49. Qd4 Qc7 50. b5 Qb7 51. Qd6+ Ke8 52. Qc6+ Qxc6 53. bxc6 Kd8 54. Kd4 Kc7 55. Ke5 Kxc6 56. Kf6 Kxc5 57. Kxf7 Kd5 58. Kf6 Kd6 59. Kg7 Kd5 60. Kxh7 e5 61. fxe5 Kxe5 62. Kxg6 {[W: 0:00:46; B: 0:01:14]} 1-0

[Event "Junior Online 4NCL Division 1"]
[Site "online"]
[Date "2021.03.18"]
[EventDate "2021.03.18"]
[Round "5.111"]
[White "Pert, Nina"]
[WhiteElo "1707"]
[WhiteTeam "Brentwood School A"]
[Black "Maton, Emily"]
[BlackElo "1647"]
[BlackTeam "St Albans Early Knights 1"]
[Result "1-0"]
[PlyCount "79"]

1. e4 c5 2. Nf3 g6 3. d4 cxd4 4. Qxd4 Nf6 5. e5 Nc6 6. Qa4 Nd5 7. Qe4 Ndb4 8. Bb5 a6 9. Ba4 e6 10. Nc3 b5 11. Bb3 Bb7 12. O-O Na5 13. Qe2 Nxb3 14. cxb3 Bg7 15. Ng5 O-O 16. Qg4 h5 17. Qxb4 Bxe5 18. Qh4 Qc7 19. Be3 Bxc3 20. bxc3 Qc6 21. f3 Rac8 22. Bd4 f6 23. Ne4 e5 24. Bc5 Rf7 25. Qg3 d5 26. Qxg6+ Kh8 27. Qxh5+ Kg8 28. Qg6+ Kh8 29. Nd6 Rg7 30. Qh6+ Kg8 31. b4 Rd8 32. Qxf6 Qd7 33. Qxe5 Bc6 34. Kh1 Rh7 35. Qg3+ Rg7 36. Qh4 Ra8 37. Rae1 Rg6 38. Re7 Qd8 39. Qh7+ Kf8 40. Qf7# {[W: 0:00:25; B: 0:00:26]} 1-0

[Event "Junior Online 4NCL Division 1"]
[Site "online"]
[Date "2021.03.18"]
[EventDate "2021.03.18"]
[Round "5.112"]
[White "Ball, Katie C"]
[WhiteElo "1526"]
[WhiteTeam "St Albans Early Knights 1"]
[Black "Pert, Max"]
[BlackElo "1662"]
[BlackTeam "Brentwood School A"]
[Result "0-1"]
[PlyCount "94"]

1. d4 Nf6 2. Nc3 d5 3. Bf4 e6 4. e3 a6 5. Bd3 Nc6 6. a3 Bd6 7. Bg3 O-O 8. Nf3 h6 9. Ne5 Re8 10. O-O Bd7 11. Ne2 Nh5 12. f4 Rc8 13. c3 Ne7 14. Bf2 c5 15. Ng3 Nf6 16. Nh5 Nc6 17. Nxf6+ gxf6 18. Qg4+ Kf8 19. Nf3 f5 20. Qh5 Qf6 21. Ne5 Bxe5 22. fxe5 Qg6 23. Qh3 Na5 24. Kh1 Nb3 25. Rae1 c4 26. Bc2 Nd2 27. Rg1 Rc6 28. Rd1 Ne4 29. Be1 Rb6 30. Rb1 Kg7 31. g4 Kh7 32. gxf5 Qxf5 33. Qh4 Qf3+ 34. Rg2 Rg8 35. Bg3 Rg4 36. Bxe4+ dxe4 37. Qe7 Ba4 38. Kg1 Qxe3+ 39. Bf2 Qf3 40. Rxg4 Qxg4+ 41. Bg3 Qg8 42. Qf6 Be8 43. Qf4 Qg6 44. Kh1 e3 45. Rg1 Rxb2 46. Be1 Bc6+ 47. Rg2 Qxg2# {[W: 0:00:11; B: 0:00:40]} 0-1

[Event "Junior Online 4NCL Division 1"]
[Site "online"]
[Date "2021.03.18"]
[EventDate "2021.03.18"]
[Round "5.113"]
[White "Molostvov, Dmitry M"]
[WhiteElo "1673"]
[WhiteTeam "Brentwood School A"]
[Black "Ball, Charlie"]
[BlackElo "1465"]
[BlackTeam "St Albans Early Knights 1"]
[Result "1/2-1/2"]
[PlyCount "143"]

1. d4 Nf6 2. c4 e5 3. dxe5 Ng4 4. Nf3 Bc5 5. e3 Nc6 6. Be2 Ncxe5 7. Nxe5 Nxe5 8. O-O O-O 9. Nc3 Re8 10. Ne4 Bf8 11. Ng3 a5 12. b3 Ra6 13. Bb2 Rh6 14. h3 b6 15. Qd2 Bb7 16. e4 Ng6 17. Nf5 Bxe4 18. Nxh6+ gxh6 19. Bd3 Qg5 20. Qxg5 hxg5 21. Rfe1 f5 22. f3 Bc5+ 23. Kh1 Nf4 24. Bxe4 fxe4 25. Rxe4 Rxe4 26. fxe4 Nd3 27. Bc3 Nf2+ 28. Kh2 Bd6+ 29. e5 Bc5 30. Rf1 Ne4 31. Be1 Be3 32. Rf5 Bf4+ 33. Kh1 Bg3 34. Rxg5+ Nxg5 35. Bxg3 Kf7 36. e6+ Nxe6 37. Kg1 d6 38. Kf2 Nd4 39. Bh4 Ke8 40. Bf6 Nc2 41. Kg3 Nb4 42. a3 Nc2 43. Bb2 Ne3 44. Kf3 Nf5 45. g4 Ne7 46. h4 d5 47. g5 dxc4 48. bxc4 Nf5 49. h5 Ne7 50. g6 hxg6 51. h6 g5 52. h7 Ng6 53. h8=Q+ Nxh8 54. Bxh8 Kf7 55. Kg4 Kg6 56. Be5 c6 57. Bc7 b5 58. c5 b4 59. Bxa5 bxa3 60. Bc3 a2 61. Kf3 Kf5 62. Kg3 g4 63. Bb2 Ke4 64. Kxg4 Kd5 65. Kf3 Kxc5 66. Ke3 Kc4 67. Kd2 Kb3 68. Ba1 c5 69. Kc1 c4 70. Kd2 c3+ 71. Bxc3 a1=Q 72. Bxa1 {[W: 0:00:21; B: 0:00:17]} 1/2-1/2

[Event "Junior Online 4NCL Division 1"]
[Site "online"]
[Date "2021.03.18"]
[EventDate "2021.03.18"]
[Round "5.114"]
[White "Ufland, Mikhail"]
[WhiteElo "1473"]
[WhiteTeam "St Albans Early Knights 1"]
[Black "Cheema, Jaideep C"]
[BlackElo "1499"]
[BlackTeam "Brentwood School A"]
[Result "0-1"]
[PlyCount "52"]

1. Nf3 Nf6 2. e3 d5 3. b3 Bg4 4. Be2 e6 5. d4 Nbd7 6. Bb2 c5 7. O-O cxd4 8. exd4 Be7 9. Nbd2 O-O 10. Rc1 Rc8 11. c4 h6 12. Ne5 Bxe2 13. Qxe2 Nxe5 14. dxe5 Nd7 15. cxd5 Rxc1 16. Rxc1 exd5 17. g3 Nb6 18. Qg4 Re8 19. e6 Bf6 20. exf7+ Kxf7 21. Bxf6 Qxf6 22. Nf3 Re4 23. Rc7+ Ke8 24. Qh5+ g6 25. Qxh6 Qxf3 26. Qxg6+ Kd8 {[W: 0:00:28; B: 0:03:08]} 0-1

[Event "Junior Online 4NCL Division 1"]
[Site "online"]
[Date "2021.03.18"]
[EventDate "2021.03.18"]
[Round "5.115"]
[White "Maton, Emily"]
[WhiteElo "1647"]
[WhiteTeam "St Albans Early Knights 1"]
[Black "Pert, Nina"]
[BlackElo "1707"]
[BlackTeam "Brentwood School A"]
[Result "0-1"]
[PlyCount "64"]

1. g3 e5 2. c4 Nc6 3. Bg2 Bc5 4. Nc3 d6 5. e3 a6 6. Nge2 Ba7 7. d3 h5 8. h4 Nf6 9. a3 Ng4 10. d4 Qf6 11. O-O g5 12. Nd5 Qd8 13. hxg5 h4 14. Nec3 hxg3 15. fxg3 exd4 16. Qf3 Be6 17. Nd1 Nce5 18. Qe2 Rc8 19. Nf6+ Nxf6 20. gxf6 Bxc4 21. Qe1 Bxf1 22. Qxf1 Ng4 23. Bxb7 dxe3 24. Qe2 Rb8 25. Bc6+ Kf8 26. Bf3 Rh2 27. Bxg4 Rxe2 28. Bxe2 Qxf6 29. Bxe3 Bxe3+ 30. Nxe3 Rxb2 31. Bxa6 Qf2+ 32. Kh1 Qh2# {[W: 0:00:33; B: 0:01:25]} 0-1

[Event "Junior Online 4NCL Division 1"]
[Site "online"]
[Date "2021.03.18"]
[EventDate "2021.03.18"]
[Round "5.116"]
[White "Pert, Max"]
[WhiteElo "1662"]
[WhiteTeam "Brentwood School A"]
[Black "Ball, Katie C"]
[BlackElo "1526"]
[BlackTeam "St Albans Early Knights 1"]
[Result "0-1"]
[PlyCount "156"]

1. d4 e6 2. Nf3 f5 3. Bg5 Nf6 4. Bxf6 Qxf6 5. e3 b6 6. Nbd2 Bb7 7. Bd3 Be7 8. Nc4 d6 9. c3 Nd7 10. Qb3 O-O 11. Ncd2 Kh8 12. h4 e5 13. Ng5 h6 14. Ne6 Rfc8 15. O-O-O a5 16. Ng5 a4 17. Qe6 Qxe6 18. Nxe6 g6 19. h5 Bd5 20. Bc4 Bxc4 21. Nxc4 g5 22. dxe5 Nxe5 23. Nxe5 dxe5 24. Rd7 Bd6 25. Rd1 Kg8 26. Rg7+ Kh8 27. Rg6 Kh7 28. Ng7 Rf8 29. Rd5 Rf7 30. Ne6 Re8 31. f4 gxf4 32. exf4 Rfe7 33. fxe5 Rxe6 34. Rxe6 Rxe6 35. exd6 Rxd6 36. Rxd6 cxd6 37. Kc2 Kg7 38. Kd3 Kf6 39. Kd4 Kg5 40. Kd5 Kxh5 41. Kxd6 Kg4 42. Ke5 f4 43. Ke4 Kg3 44. b4 h5 45. c4 h4 46. c5 bxc5 47. bxc5 h3 48. c6 hxg2 49. c7 g1=Q 50. c8=Q Qe1+ 51. Kf5 Qb1+ 52. Kg5 Qb5+ 53. Kg6 Qb6+ 54. Kg5 Qa5+ 55. Kg6 Qb6+ 56. Kg5 Qb5+ 57. Kg6 Qd3+ 58. Kg5 Qd5+ 59. Kg6 f3 60. Qc7+ Kg2 61. Qc8 Qe4+ 62. Kg5 f2 63. Qg8 f1=Q 64. Kh6+ Kf2 65. Qf7+ Ke2 66. Qh5+ Qff3 67. Qb5+ Qed3 68. Qxa4 Qde3+ 69. Kg6 Qee4+ 70. Qxe4+ Qxe4+ 71. Kg5 Qf3 72. Kg6 Ke3 73. Kg5 Qf4+ 74. Kg6 Ke4 75. Kh7 Qg5 76. a4 Kf5 77. a5 Kf6 78. a6 Qg7# {[W: 0:04:46; B: 0:00:43]} 0-1

[Event "Junior Online 4NCL Division 1"]
[Site "online"]
[Date "2021.03.18"]
[EventDate "2021.03.18"]
[Round "5.117"]
[White "Ball, Charlie"]
[WhiteElo "1465"]
[WhiteTeam "St Albans Early Knights 1"]
[Black "Molostvov, Dmitry M"]
[BlackElo "1673"]
[BlackTeam "Brentwood School A"]
[Result "0-1"]
[PlyCount "94"]

1. e4 c5 2. d4 cxd4 3. c3 Nf6 4. e5 Nd5 5. Qxd4 e6 6. Bc4 Nc6 7. Qe4 f5 8. Qe2 Nb6 9. Bb5 a6 10. Bxc6 bxc6 11. Nf3 d5 12. Ng5 h6 13. Qh5+ Kd7 14. Qf7+ Qe7 15. Qxe7+ Bxe7 16. Nh3 g5 17. Ng1 a5 18. Nf3 Ba6 19. Nd4 c5 20. Nb3 a4 21. N3d2 Rhf8 22. Nf1 f4 23. g3 Rf5 24. Ne3 fxe3 25. Bxe3 Rxe5 26. h4 d4 27. cxd4 cxd4 28. Rh2 dxe3 29. fxe3 Rxe3+ 30. Kd1 Rf8 31. Rd2+ Rd3 32. Ke2 Rxd2+ 33. Kxd2 Rf2+ 34. Kc3 Nd5+ 35. Kd4 Bf6+ 36. Ke4 Bxb2 37. Nd2 Bxa1 38. Nf3 Nf6+ 39. Ke3 Rxa2 40. Ne5+ Bxe5 41. hxg5 Ra3+ 42. Kd2 Rd3+ 43. Kc2 hxg5 44. g4 Rc3+ 45. Kd2 Ne4+ 46. Kd1 Bf4 47. Ke1 Rc1# {[W: 0:00:51; B: 0:00:19]} 0-1

[Event "Junior Online 4NCL Division 1"]
[Site "online"]
[Date "2021.03.18"]
[EventDate "2021.03.18"]
[Round "5.118"]
[White "Cheema, Jaideep C"]
[WhiteElo "1499"]
[WhiteTeam "Brentwood School A"]
[Black "Ufland, Mikhail"]
[BlackElo "1473"]
[BlackTeam "St Albans Early Knights 1"]
[Result "1-0"]
[PlyCount "89"]

1. e4 e5 2. Nf3 Nc6 3. Bc4 Bc5 4. O-O Nf6 5. d3 h6 6. Nc3 d6 7. Nd5 Nxd5 8. exd5 Ne7 9. d4 exd4 10. Nxd4 O-O 11. c3 Ng6 12. Bd2 Qf6 13. Be3 Re8 14. Qa4 Re7 15. Rfe1 a6 16. Qb3 b5 17. Bd3 Bb7 18. Rad1 Rae8 19. Bf1 Re5 20. c4 b4 21. a3 a5 22. Qa2 Qh4 23. Nf3 Qh5 24. Nxe5 Nxe5 25. Bxc5 dxc5 26. f4 f6 27. fxe5 fxe5 28. axb4 axb4 29. Qa7 Bc8 30. Qxc7 Qg6 31. Bd3 Qg4 32. Qxc5 e4 33. h3 Qf4 34. Rxe4 Rxe4 35. Qxc8+ Kh7 36. Bxe4+ Qxe4 37. d6 Qe3+ 38. Kh1 Qe2 39. Rg1 Qxb2 40. d7 b3 41. d8=Q Qc3 42. Qh8+ Kg6 43. Qg4+ Kf6 44. Rf1+ Ke7 45. Qhxg7+ {[W: 0:00:18; B: 0:00:39]} 1-0

[Event "Junior Online 4NCL Division 1"]
[Site "online"]
[Date "2021.03.18"]
[EventDate "2021.03.18"]
[Round "5.121"]
[White "Oprea, Danny"]
[WhiteElo "1656"]
[WhiteTeam "KJCA Young Kestrels C"]
[Black "Li, Ethan"]
[BlackElo "1791"]
[BlackTeam "Edgware Gambits A"]
[Result "1-0"]
[PlyCount "67"]

1. c4 Nf6 2. g3 g6 3. Bg2 Bg7 4. Nc3 O-O 5. Nf3 c6 6. O-O d5 7. cxd5 cxd5 8. d4 h6 9. Bf4 Nc6 10. Rc1 Bf5 11. Qd2 Kh7 12. Ne5 Rc8 13. a3 Ne4 14. Nxe4 dxe4 15. Nxc6 bxc6 16. Be3 g5 17. Qc2 Qd5 18. Qc4 Bg6 19. Qc5 e5 20. dxe5 Bxe5 21. Rfd1 Qe6 22. b4 f5 23. Bd4 Bxd4 24. Rxd4 f4 25. Rd6 Qf7 26. Rf1 f3 27. exf3 exf3 28. Bh3 Rce8 29. Qxc6 Re7 30. Rd7 Rfe8 31. Rxe7 Rxe7 32. Bg4 h5 33. Bxf3 Qxf3 34. Qxf3 {[W: 0:01:13; B: 0:03:59]} 1-0

[Event "Junior Online 4NCL Division 1"]
[Site "online"]
[Date "2021.03.18"]
[EventDate "2021.03.18"]
[Round "5.122"]
[White "Yedid, Lior"]
[WhiteElo "1533"]
[WhiteTeam "Edgware Gambits A"]
[Black "Ajili, Nour"]
[BlackElo "1608"]
[BlackTeam "KJCA Young Kestrels C"]
[Result "0-1"]
[PlyCount "146"]

1. e4 e5 2. f4 Nc6 3. Nf3 Bc5 4. Nc3 d6 5. Bb5 Bg4 6. h3 Bxf3 7. Qxf3 Nf6 8. d3 O-O 9. Bd2 Nd4 10. Qd1 Nxb5 11. Nxb5 c6 12. Nc3 exf4 13. Bxf4 d5 14. e5 Nd7 15. d4 Bb4 16. Qd2 f6 17. a3 Ba5 18. b4 Bb6 19. e6 Re8 20. Qe3 Qe7 21. O-O-O Qxe6 22. Qxe6+ Rxe6 23. Na4 Rae8 24. c3 Re2 25. g4 g5 26. Bd6 R8e3 27. Rd2 Re1+ 28. Rxe1 Rxe1+ 29. Kc2 Rh1 30. Rd3 Bd8 31. Nc5 Nxc5 32. Bxc5 Rh2+ 33. Kb3 b6 34. Bd6 Re2 35. Bb8 a6 36. Bd6 Rg2 37. Rf3 Re2 38. a4 b5 39. a5 Kf7 40. Be5 Kg6 41. Bd6 Kf7 42. Bb8 Kg7 43. Bg3 Kg6 44. h4 h6 45. h5+ Kg7 46. Bd6 Kf7 47. Bb8 Kg7 48. Rg3 Kf7 49. Ka3 Kg7 50. Rg1 Kf7 51. Kb3 Kg7 52. Rf1 Rg2 53. Re1 Kf7 54. Re3 Rxg4 55. Rh3 Rh4 56. Rxh4 gxh4 57. Kc2 f5 58. Kd3 Kf6 59. Bf4 Kg7 60. Ke3 Bg5 61. Kf3 Bxf4 62. Kxf4 Kf6 63. Kf3 Kg5 64. Kg2 Kxh5 65. Kh3 f4 66. Kg2 Kg4 67. Kf2 h3 68. Kg1 Kg3 69. Kh1 f3 70. Kg1 f2+ 71. Kf1 h2 72. c4 h1=Q+ 73. Ke2 Qe1+ {[W: 0:03:53; B: 0:01:02]} 0-1

[Event "Junior Online 4NCL Division 1"]
[Site "online"]
[Date "2021.03.18"]
[EventDate "2021.03.18"]
[Round "5.123"]
[White "Pasari, Rohan"]
[WhiteElo "1615"]
[WhiteTeam "KJCA Young Kestrels C"]
[Black "Anand, Dhriti"]
[BlackElo "1505"]
[BlackTeam "Edgware Gambits A"]
[Result "1-0"]
[PlyCount "75"]

1. d4 Nf6 2. c4 g6 3. Nf3 Bg7 4. Nc3 d5 5. Bg5 e6 6. e3 Nc6 7. Bd3 a6 8. a4 b6 9. b3 Bd7 10. cxd5 exd5 11. Nxd5 Bg4 12. Nxf6+ Bxf6 13. Bxf6 Qxf6 14. Be4 Rc8 15. Qc2 Nb4 16. Qc3 a5 17. O-O Bxf3 18. Bxf3 h5 19. Qc4 h4 20. Bg4 Rd8 21. Qxc7 Nd5 22. Qc4 Qg5 23. Qc6+ Kf8 24. h3 f5 25. Bf3 Nf6 26. Qxb6 Kg7 27. Rac1 Nd7 28. Qxa5 Qe7 29. Rfe1 g5 30. e4 g4 31. exf5 Qg5 32. Bxg4 Rde8 33. Rxe8 Rxe8 34. f6+ Qxf6 35. Bxd7 Rf8 36. Qd2 Qd6 37. Qg5+ Kh8 38. Qe5+ {Time forfeit} {[W: 0:07:02; B: 0:00:07]} 1-0

[Event "Junior Online 4NCL Division 1"]
[Site "online"]
[Date "2021.03.18"]
[EventDate "2021.03.18"]
[Round "5.124"]
[White "Salussolia, Louis"]
[WhiteElo "1312"]
[WhiteTeam "Edgware Gambits A"]
[Black "Sagar, Aneesh"]
[BlackElo "1523"]
[BlackTeam "KJCA Young Kestrels C"]
[Result "0-1"]
[PlyCount "68"]

1. e4 e5 2. Nf3 Nc6 3. d4 exd4 4. Nxd4 Nxd4 5. Qxd4 Ne7 6. Nc3 Nc6 7. Qe3 b6 8. Bc4 Bc5 9. Qg3 O-O 10. O-O Bb7 11. Re1 d6 12. Bh6 Qf6 13. Bg5 Qg6 14. h4 h6 15. h5 Qxg5 16. Qxg5 hxg5 17. e5 Nxe5 18. Bb3 Rfe8 19. Nb5 Re7 20. Re2 Nf3+ 21. gxf3 Rxe2 22. Rf1 Bxf3 23. Nxc7 Rc8 24. Bd5 Rxc7 25. Bxf3 Rxc2 26. Be4 Re2 27. a3 Bd4 28. b4 Rxe4 29. Kg2 Re2 30. h6 Rxf2+ 31. Rxf2 Bxf2 32. Kxf2 gxh6 33. Kf3 h5 34. Kg3 f5 {[W: 0:06:10; B: 0:10:10]} 0-1

[Event "Junior Online 4NCL Division 1"]
[Site "online"]
[Date "2021.03.18"]
[EventDate "2021.03.18"]
[Round "5.125"]
[White "Li, Ethan"]
[WhiteElo "1791"]
[WhiteTeam "Edgware Gambits A"]
[Black "Oprea, Danny"]
[BlackElo "1656"]
[BlackTeam "KJCA Young Kestrels C"]
[Result "1-0"]
[PlyCount "135"]

1. e4 c5 2. Nf3 Nc6 3. d4 cxd4 4. Nxd4 g6 5. Nc3 Bg7 6. Be3 Nf6 7. Bc4 O-O 8. Qd2 e6 9. O-O-O d5 10. exd5 exd5 11. Bb3 Na5 12. f3 Nxb3+ 13. Nxb3 Be6 14. Bg5 b6 15. Bxf6 Bxf6 16. Nxd5 Bxd5 17. Qxd5 Qxd5 18. Rxd5 Rad8 19. Rhd1 Rfe8 20. Rxd8 Rxd8 21. Rxd8+ Bxd8 22. Nd4 Bf6 23. Nc6 a5 24. Kd2 Bxb2 25. Kd3 Bf6 26. Kc4 Bg5 27. Kb5 Be3 28. Ne7+ Kf8 29. Nd5 Bg1 30. h3 Ke8 31. Nxb6 Bxb6 32. Kxb6 a4 33. c4 Kd7 34. c5 Kc8 35. a3 h5 36. Kc6 g5 37. Kb5 Kb7 38. Kxa4 f5 39. Kb4 h4 40. Kc4 Kc6 41. a4 Kc7 42. a5 Kb7 43. Kd5 Kc7 44. Ke5 f4 45. Kf5 Kc6 46. Kxg5 Kxc5 47. Kxh4 Kb5 48. Kg4 Kxa5 49. Kxf4 Kb6 50. Kf5 Kc7 51. Kg6 Kd7 52. Kg7 Ke7 53. h4 Ke6 54. h5 Kf5 55. h6 Kf4 56. h7 Kg3 57. h8=Q Kf2 58. f4 Kg3 59. f5 Kf2 60. f6 Kf1 61. f7 Kg1 62. f8=Q Kxg2 63. Kg6 Kg3 64. Kg5 Kg2 65. Qb2+ Kh3 66. Qh6+ Kg3 67. Qh4+ Kf3 68. Qf4# {[W: 0:12:22; B: 0:12:14]} 1-0